000 00657nam a2200241 a 4500
001 nice12345678
003 IN_TiNIC
005 20260116014829.0
008 050524s1998 dela grp 000 0 eng
020 _a
_c250
082 0 0 _a305.6297054
_bQUR1
100 _aQureshi, M Hashim
245 _aMuslims in India Since Indipendence
_b a Regional Prespective
260 _aDelhi
_bInstitute of Objective Studies
_c1998
300 _a251p
500 _aincludes index and biblioraphy
505 2 _aRefrences, Acknowledgements, Index
650 _aMuslims-India
700 1 _aQureshi, M Hashim
902 _bSRS
942 _cBK
999 _c17182
_d17182